Monnaie d'Europe - Carte Quiz - Statistiques

Statistiques générales
  • Ce quiz a été pris 149 fois
    7 depuis la dernière actualisation
  • Le résultat moyen est 42 sur 45
Réponses sur la Carte
Les réponses sont colorées sur une échelle allant du rouge au vert en fonction du pourcentage des utilisateurs qui les ont devinées à leur premier essai. Vous pouvez retrouver ces pourcentages ci-dessous.
 
Statistiques - réponses
Réponse Countries % Correct
Couronne danoise Danemark
100%
Couronne islandaise Islande
100%
Couronne norvégienne Norvège
100%
Couronne suédoise Suède
100%
Couronne tchèque République tchèque
100%
Euro Allemagne
100%
Euro Andorre
100%
Euro Autriche
100%
Euro Belgique
100%
Euro Croatie
100%
Euro Espagne
100%
Euro Estonie
100%
Euro Finlande
100%
Euro France
100%
Euro Grèce
100%
Euro Irlande
100%
Euro Italie
100%
Euro Lettonie
100%
Euro Lituanie
100%
Euro Luxembourg
100%
Euro Malte
100%
Euro Monaco
100%
Euro Pays-Bas
100%
Euro Portugal
100%
Euro Saint-Marin
100%
Euro Slovaquie
100%
Euro Slovénie
100%
Euro Vatican
100%
Euro (Ancien Lev) Bulgarie
100%
Euro (utilisé unilatéralement) Kosovo
100%
Euro (utilisé unilatéralement) Monténégro
100%
Franc suisse Liechtenstein
100%
Franc suisse Suisse
100%
Livre sterling Royaume-Uni
100%
Rouble biélorusse Biélorussie
100%
Rouble russe Russie
100%
Zloty Pologne
100%
Forint Hongrie
83%
Dinar serbe Serbie
67%
Leu moldave Moldavie
67%
Leu roumain Roumanie
67%
Denar Macédoine du Nord
50%
Lek Albanie
50%
Mark convertible Bosnie-Herzégovine
50%
Hryvnia Ukraine
33%
Aucun quiz correspondant
Distribution des résultats
% des personnes avec chaque résultat
Percentile par nombre de réponses
Votre historique - résultats
Vous n’avez pas pris ce quiz depuis la dernière actualisation